000 005140000a22001930004500
999 _c48906
_d48906
001 1748
003 CO-MdFUSB
005 20170922182224.0
008 170914b xxu||||| |||| 00| 0 eng d
020 _a0-8297-4938-1
040 _cCO-MdBIC
082 0 4 _a868HC V667dl
245 1 0 _aDaniel y los leones / ilustraciones Kelly Pulley ; traducción Kerstin A.
260 _aMiami : Vida
300 _a[20 P.]
500 _aPara niños de 0 a 4 años
650 1 4 _aReligión - historias bíblicas
942 _cLGB